| 000 | 00432nam a22001697a 4500 | ||
|---|---|---|---|
| 003 | CEME | ||
| 005 | 20210628203606.0 | ||
| 008 | 210316b xxu||||| |||| 00| 0 eng d | ||
| 020 | _a0-07-044903-1 | ||
| 040 | _c. | ||
| 082 | _a620.82 SAN'H | ||
| 100 |
_aMccormick, E. J , Sanders, M. S _962333 |
||
| 245 | _aHuman factors in engineering and design | ||
| 260 |
_aNEWYORK _bMCGRAW HILL _c1987 |
||
| 300 | _a664P | ||
| 942 |
_cBK _2ddc |
||
| 999 |
_c574407 _d574407 |
||